000 00471cam a22001457a 4500
008 180718b2001 xxu||||| |||| 00| 0 eng d
020 _a0821349414
082 _aT19x678 T159
245 _aTanzania at the turn of the century: from reforms to sustained growth and poverty reduction
260 _aWashington, D.C.
_bWorld Bank
_c2001
300 _a86p.
440 _aA World Bank country study
650 _aPoverty - Tanzania
650 _aEconomic development - Tanzania
999 _c284916
_d284916